Library Banner

Ilam , nazam taleem aur tamadanon ka islamiyana/ (Record no. 99128)

MARC details
000 -LEADER
fixed length control field 00427nam a22001457a 4500
005 - DATE AND TIME OF LATEST TRANSACTION
control field 20171012114916.0
008 - FIXED-LENGTH DATA ELEMENTS--GENERAL INFORMATION
fixed length control field 171012b xxu||||| |||| 00| 0 eng d
040 ## - CATALOGING SOURCE
Transcribing agency PK-LaUMT
082 ## - DEWEY DECIMAL CLASSIFICATION NUMBER
Classification number PKAC 297.09
Item number WAQ-I
100 ## - MAIN ENTRY--PERSONAL NAME
Personal name Waqar Ahmed Hussaini
245 ## - TITLE STATEMENT
Title Ilam , nazam taleem aur tamadanon ka islamiyana/
Statement of responsibility, etc Waqar Ahmed Hussaini
260 ## - PUBLICATION, DISTRIBUTION, ETC. (IMPRINT)
Place of publication, distribution, etc []
Name of publisher, distributor, etc سید وقار احمد حسینی،
Date of publication, distribution, etc 1985
300 ## - PHYSICAL DESCRIPTION
Extent 230 ص
942 ## - ADDED ENTRY ELEMENTS (KOHA)
Koha item type Books
Holdings
Withdrawn status Lost status Damaged status Home library Current library Date acquired Full call number Barcode Date last seen Price effective from Koha item type
      UMT Main Campus UMT Main Campus 2017-10-12 PKAC 297.09 WAQ-I 114949 2017-10-12 2017-10-12 Books